| 000 | 01343nam a2200265 a 4500 | ||
|---|---|---|---|
| 008 | 120416s1994 ||||||||||||||||| || u | ||
| 020 | _a0821326813 | ||
| 050 | _aHD 5852 Lab | ||
| 100 | _aHorton, Susan | ||
| 245 | 1 | 0 |
_aLabour markets in an era of adjustment _cedited by Susan Horton, Ravi Kanbur and Dipak Mazumdar |
| 260 |
_aWashington, D.C. _bWorld Bank _c1994 |
||
| 300 | _a2 vols. : ill | ||
| 350 | _a0.00 | ||
| 650 | _aLABOUR MARKET | ||
| 650 | _aSTRUCTURAL ADJUSTMENT (ECONOMIC POLICY)--DEVELOPING COUNTRIES | ||
| 650 | _aLABOUR MARKETS--DEVELOPING COUNTRIES | ||
| 650 | _aLABOUR | ||
| 700 | _aMazumdar, Dipak | ||
| 700 | _aKanbur, S. M. Ravi | ||
| 710 | _aWorld Bank | ||
| 995 |
_aMAIN LIBRARY OPEN ACCESS _D0.00 _e727712 _FCBU-MAIN LIBRARY (Kitwe) _H1 _I0.00 _jHD 5852 Lab _M1 _UAVAILABLE _y025739 _ZMain Library Open Access Collection |
||
| 995 |
_aSPECIAL COLLECTIONS _D0.00 _e026590 _FCBU-MAIN LIBRARY (Kitwe) _H1 _I0.00 _jIBRD(06)DS/1994/2 _M3 _UAVAILABLE _WAug 2, 2007 _y026590 _ZInternational Publications |
||
| 995 |
_aMAIN LIBRARY OPEN ACCESS _D0.00 _e727714 _FCBU-MAIN LIBRARY (Kitwe) _H2 _I0.00 _jHD 5852 Lab _M2 _UAVAILABLE _y025741 _ZMain Library Open Access Collection |
||
| 995 |
_aSPECIAL COLLECTIONS _D0.00 _e026601 _FCBU-MAIN LIBRARY (Kitwe) _H1 _I0.00 _jIBRD(06)DS/1994/3 _M4 _UAVAILABLE _WAug 24, 2007 _y026601 _ZInternational Publications |
||
| 999 |
_c80570 _d80570 |
||